| 000 | 00516nam a2200181Ia 4500 | ||
|---|---|---|---|
| 999 |
_c22509 _d22509 |
||
| 003 | OSt | ||
| 005 | 20200320093117.0 | ||
| 008 | 190216s9999||||xx |||||||||||||| ||und|| | ||
| 020 | _a8172047975 | ||
| 040 | _coclc | ||
| 082 |
_a297 _bABD/M |
||
| 100 |
_aAbdurahman, O _91863 |
||
| 245 | 0 |
_aMuslim Sthreekalude Pallipravesham / _cO Abdurahman |
|
| 260 |
_bIslamic Publishing House, _c2002. _aKozhikode: |
||
| 300 | _a45p | ||
| 650 | _aIslam Matham | ||
| 942 |
_cBK _2ddc _h297 _iABD/M _k297 _mABD/M |
||